Syntetické využitie 1,4-dikyano-2,3,5,6-tetrafluórbenzénu na prípravu nových heterocyklov vykazujúcich opto-elektronické vlastnosti a biologickú aktivitu
Salvato in:
| Autore principale: | |
|---|---|
| Altri autori: | |
| Natura: | Manoscritto Libro |
| Lingua: | slovacco |
| Pubblicazione: |
2016
|
| Soggetti: | |
| Accesso online: | http://is.stuba.sk/zp/portal_zp.pl?podrobnosti=131893 |
| Tags: |
Nessun Tag, puoi essere il primo ad aggiungerne!!
|
MARC
| LEADER | 00000ntm a22000003a 4500 | ||
|---|---|---|---|
| 001 | stuzp58512 | ||
| 003 | SK-STU | ||
| 005 | 20160719155604.8 | ||
| 007 | ta | ||
| 008 | 150427s2015----xo-----f-mn---000-0-slo-d | ||
| 040 | |a STU |b slo | ||
| 041 | 0 | |a slo | |
| 100 | 1 | |a Balogh, Róbert |u 048140 |4 aut |U FCHPT Ústav organickej chémie, katalýzy a petrochémie |T FCHPT Oddelenie organickej chémie |X 43410 |U C8140 |Y 124 |7 43410 | |
| 242 | 0 | 1 | |a Synthetic use of 1,4-dicyano-2,3,5,6-tetrafluorobenzene for Preparation of Novel Heterocycles Showing Optoelectronic Properties and Biological Activity |y eng |
| 245 | 1 | 0 | |a Syntetické využitie 1,4-dikyano-2,3,5,6-tetrafluórbenzénu na prípravu nových heterocyklov vykazujúcich opto-elektronické vlastnosti a biologickú aktivitu |
| 260 | |c 2016 | ||
| 650 | 4 | |a 1,4-dikyano-2,3,5,6-tetrachlórbenzén |2 slo | |
| 650 | 4 | |a karbazol |2 slo | |
| 650 | 4 | |a pyrol |2 slo | |
| 650 | 4 | |a benzoditiofén |2 slo | |
| 650 | 4 | |a nukleofilná substitúcia |2 slo | |
| 650 | 4 | |a 1,4-dikyano-2,3,5,6-tetrafluórbenzén |2 slo | |
| 650 | 4 | |a 1,4-dicyano-2,3,5,6-tetrafluorobenzene |2 eng | |
| 650 | 4 | |a nucleophylic substitution |2 eng | |
| 650 | 4 | |a carbazole |2 eng | |
| 650 | 4 | |a 1,4-dicyano-2,3,5,6-tetrachlorobenzene |2 eng | |
| 650 | 4 | |a pyrrole |2 eng | |
| 650 | 4 | |a benzodithiophene |2 eng | |
| 700 | 1 | |a Végh, Daniel |u 048140 |k Z2 |4 ths |U FCHPT Ústav organickej chémie, katalýzy a petrochémie |T FCHPT Oddelenie organickej chémie |X 3281 |U C8140 |Y 124 |7 A000003281 | |
| 856 | 4 | |u http://is.stuba.sk/zp/portal_zp.pl?podrobnosti=131893 | |
| SQL | |a stuzp58512 |b DDP |c SLO |d Syntetické využitie 1,4-dikyano-2,3,5,6-tetrafluórbenzénu na prípravu nových heterocyklov vykazujúcich opto-elektronické vlastnosti a biologickú aktivitu |e 43410 |f Balogh, Róbert |g 048140 |h 3281 |i Végh, Daniel |j 20160606 |k 1400 |l 04 |m http://is.stuba.sk/zp/portal_zp.pl?podrobnosti=131893 |n I-TCHEM |o 4.1.14. chémia, 5.2.18. chemické technológie | ||